000 00738nam a2200217Ia 4500
001 7346
003 GE_BSU
008 181216s||||||||xx |||||||||||||| ||und||
020 _a9992898941
040 _cGE_BSU
080 _a821.353.1
100 _aღვინჯილია ჯანსუღ
245 _aთხზულებანი 4 ტომად.
245 _bტ. 3. წ. 2. ლიტერატურული წერილები. კრიტიკა. ესე. ნარკვევი.
260 _aთბილისი.
260 _bსაქართველო.
260 _c2003.
300 _a860 გვ.; 22 სმ.
653 _aთხზულებანი 4 ტომად.
942 _cBK
999 _c40710
_d40710